Les pays les plus touchés par la malaria - Statistiques

Statistiques générales
  • Ce quiz a été pris 24 fois
  • Le résultat moyen est 7 sur 10
Statistiques - réponses
Nombre de morts pour 100 000 Pays % Correct
116,4 Cameroun
83%
122,7 Côte d'Ivoire
83%
140 Niger
83%
169,7 Sierra Leone
83%
98,3 Centrafrique
79%
136,3 Liberia
79%
112 Nigeria
79%
173,1 Burkina faso
71%
131,4 Bénin
63%
115 Mozambique
42%
Aucun quiz correspondant
Distribution des résultats
% des personnes avec chaque résultat
Percentile par nombre de réponses
Votre historique - résultats
Vous n’avez pas pris ce quiz